000 00564nam a2200181Ia 4500
003 GCL
008 140319s9999 xx 000 0 ara d
040 _aGCL /
_cGCL
082 0 4 _a928.1
_bق ع
100 1 _aقصى الحسينى
245 1 0 _aعمر بن ابى ربيعة : شاعر الحجاز وادبه /
_cقصى الحسينى
300 _a162 ص
490 _aالهيئة العامة للاستعلامات
_v0
650 0 4 _aالتراجم الادبية
650 0 4 _aالتراجم
650 0 4 _aعمر بن ابى ربيعة
942 _2ddc
_cBK
999 _c48448
_d48448